| 000 | 00606nam a2200217Ia 4500 | ||
|---|---|---|---|
| 005 | 20230623082305.0 | ||
| 008 | 131103s9999 xx 000 0 und d | ||
| 040 | _aLoreto College | ||
| 041 | _aEnglish | ||
| 082 |
_a301.153 _bTUR |
||
| 100 | _aTurner,E.S. | ||
| 245 |
_aRoads to ruin _b the shocking history of social reform _cE.S.Turner |
||
| 260 |
_aHarmondsworth _bPenguin Books _c1966 |
||
| 300 | _a284 p. | ||
| 504 | _aIncludes index and bibliographical references | ||
| 630 | _aDisasters | ||
| 650 | _aSociology | ||
| 651 | _aSocial ProcessSocial Change | ||
| 850 | _aLCLIB | ||
| 942 | _cBK | ||
| 999 |
_c11237 _d61716 |
||